书目信息 |
| 题名: |
创造力危机
|
|
| 作者: | 乃斯 著 ;赵军 , 安敏 译 | |
| 分册: | ||
| 出版信息: | 北京 科学出版社 2019.04 |
|
| 页数: | 274页 | |
| 开本: | 24cm | |
| 丛书名: | ||
| 单 册: | ||
| 中图分类: | F062.4 | |
| 科图分类: | ||
| 主题词: | 技术革新--ji shu ge xin--研究 | |
| 电子资源: | ||
| ISBN: | 978-7-03-060853-6 | |
| 000 | 01376nam0 2200313 450 | |
| 001 | CAL 012019053593 | |
| 005 | 20230217093111.0 | |
| 010 | @a978-7-03-060853-6@dCNY98.00 | |
| 099 | @aCAL 012019053593 | |
| 100 | @a20190425d2019 em y0chiy0120 ea | |
| 101 | 1 | @achi@ceng |
| 102 | @aCN@b110000 | |
| 105 | @ay a 001yy | |
| 106 | @ar | |
| 200 | 1 | @a创造力危机@Achuang zao li wei ji@e重塑科学以释放潜能@f(美) 罗伯塔·乃斯著@d= The creativity crisis@ereinventing science to unleash possibility@fRoberta Ness@g赵军, 安敏译@zeng |
| 210 | @a北京@c科学出版社@d2019.04 | |
| 215 | @a274页@d24cm | |
| 306 | @a由牛津大学出版社授权出版 | |
| 320 | @a有书目 (第203-251页) 和索引 | |
| 330 | @a科学技术的发展为我们带来了生活上的巨大变化,然而,随着科技的日臻发展,我们的创新发明反而停滞不前了。如今的科技发展带有十足的谨慎性,作者从投资、社会压力和规避风险等方面,避免细枝末节,从一种宏观的角度分析了限制科学创新的因素,有助于找出平衡科学创新和谨慎性的平衡点。 | |
| 500 | 10 | @aCreativity crisis : reinventing science to unleash possibility@mChinese |
| 517 | 1 | @a重塑科学以释放潜能@Achong su ke xue yi shi fang qian neng |
| 606 | 0 | @a技术革新@Aji shu ge xin@x研究 |
| 690 | @aF062.4@v5 | |
| 701 | 1 | @a乃斯@Anai si@g(Ness, Roberta)@4著 |
| 702 | 0 | @a赵军@Azhao jun@4译 |
| 702 | 0 | @a安敏@Aan min@4译 |
| 801 | 0 | @aCN@bBJXHZP@c20230222 |
| 905 | @b1393057-60@dF062.4@e181@f4 | |
| 创造力危机:重塑科学以释放潜能/(美) 罗伯塔·乃斯著= The creativity crisis:reinventing science to unleash possibility/Roberta Ness/赵军, 安敏译.-北京:科学出版社,2019.04 |
| 274页;24cm |
| ISBN 978-7-03-060853-6:CNY98.00 |
| 科学技术的发展为我们带来了生活上的巨大变化,然而,随着科技的日臻发展,我们的创新发明反而停滞不前了。如今的科技发展带有十足的谨慎性,作者从投资、社会压力和规避风险等方面,避免细枝末节,从一种宏观的角度分析了限制科学创新的因素,有助于找出平衡科学创新和谨慎性的平衡点。 |
| ● |
| 相关链接 |
|
|
|
|
正题名:创造力危机
索取号:F062.4/181
 
预约/预借
| 序号 | 登录号 | 条形码 | 馆藏地/架位号 | 状态 | 备注 |
| 1 | 1393057 | 213930576 | 第一样本阅览室/ [索取号:F062.4/181] | 在馆 | |
| 2 | 1393058 | 213930585 | 第一借阅区/ [索取号:F062.4/181] | 在馆 | |
| 3 | 1393059 | 213930594 | 第一借阅区/ [索取号:F062.4/181] | 在馆 | |
| 4 | 1393060 | 213930601 | 第一借阅区/ [索取号:F062.4/181] | 在馆 |